FREQUENCY MODULATION ENGINEERING (Record no. 579343)

000 -LEADER
fixed length control field 00266nam a22001097a 4500
082 ## - DEWEY DECIMAL CLASSIFICATION NUMBER
Classification number 621.384152 TIB'F
100 ## - MAIN ENTRY--PERSONAL NAME
Personal name TIBBS, CHRISTOPHER
9 (RLIN) 73692
245 ## - TITLE STATEMENT
Title FREQUENCY MODULATION ENGINEERING
260 ## - PUBLICATION, DISTRIBUTION, ETC.
Place of publication, distribution, etc. LONDON
Name of publisher, distributor, etc. CHAPMAN & HALL
Date of publication, distribution, etc. 1947
300 ## - PHYSICAL DESCRIPTION
Extent 310P
942 ## - ADDED ENTRY ELEMENTS (KOHA)
Koha item type Book
Holdings
Withdrawn status Lost status Damaged status Not for loan Permanent Location Current Location Shelving location Date acquired Total Checkouts Full call number Barcode Date last seen Price effective from Koha item type
        College of Electrical & Mechanical Engineering (CEME) College of Electrical & Mechanical Engineering (CEME) General Stacks 04/20/2017   621.384152 TIB'F CEME1-16521 06/28/2021 06/28/2021 Book
© 2023 Central Library, National University of Sciences and Technology. All Rights Reserved.